000 00811nam a2200217Ia 4500
999 _c39259
_d39259
001 5845
003 GE_BSU
005 20190917150829.0
008 181216s1982||||ge |||||||||||||| ||geo||
040 _cGE_BSU
041 _ageo
080 _a821.353.1-1 ა-66
100 _aანთაძე, ცისანა
_94062
245 _aლამაზი სიზმარი :
_bლექსები /
_cცისანა ანთაძე ; რედ. ლ. ბეჟანიძე.
264 _aბათუმი :
_bსაბჭოთა აჭარა ;
_c1982.
300 _a98 გვ. ;
_c14 სმ.
653 _aლამაზი სიზმარი
653 _aლექსები
700 _aბეჟანიძე, ლ.
_eრედაქტორი
_93837
942 _cBK
_2udc